| 000 | 00586nam a2200181 a 4500 | ||
|---|---|---|---|
| 001 | 000035858 | ||
| 005 | 20200930074654.0 | ||
| 008 | 111115s1914 fr ac 000 0 fre d | ||
| 040 |
_aDO-SdBNP _bfre _cBNPHU |
||
| 082 |
_axxxx _bD542 |
||
| 245 | 0 | 0 |
_aDiaz de la Peña : _bhuit reproductions facsimile en couleurs. |
| 246 | 0 | 4 | _aN. Diaz |
| 260 |
_aParis : _bPierre Lafitte et Cie, _c1914. |
||
| 300 |
_a80 p. : _bil., retr. ; _c20 cm. |
||
| 490 | 1 |
_aLes peintres illustres _v64 |
|
| 500 | _aEn la cubierta: Artistic-bibliothéque en couleurs | ||
| 830 | 0 |
_aLes peintres illustres _v64 _961839 |
|
| 999 |
_c35349 _d35349 |
||